Há monstros debaixo da cama? (Registo nº 3760)

Detalhes MARC
000 -Etiqueta do registo
Cabeçalho 00815nam0a2200289 4500
005 - Identificador da versão
Campo de controlo 20240813122043.0
095 ## -
-- PTBN00392383
010 ## - Número internacional normalizado dos livros (ISBN)
Número (ISBN) 9726622670
021 ## - Número do Depósito Legal
Código do país PT
Número 151173/2000
100 ## - Dados gerais de processamento
Dados gerais de processamento 20170317d2000 cd y0pory5003 ba
102 ## - Pais de publicação ou produção
País de publicação Portugal
101 1# - Língua de publicação
Língua do texto, banda sonora, etc. Português
Língua do documento no original Inglês
215 ## - Descrição física 
Indicação específica da natureza do documento e extensão da espécie 127 p.
Outras indicações físicas il
200 1# - Titulo e menção de responsabilidade
Título próprio Há monstros debaixo da cama?
Primeira menção de responsabilidade Bill Watterson
Outras menções de responsabilidade trad. Ana Falcão Bastos
225 1# - Colecção 
Título próprio da colecção Calvin & Hobbes
205 ## - Menção da edição
Menção da edição 3ª ed
210 ## - Publicação, Distribuição, etc. 
Lugar da edição, distribuição, etc. Lisboa
Nome do editor, distribuidor, etc. Gradiva
Data da publicação, distribuição, etc. 2000
300 ## - Notas gerais 
Texto da nota PNL
606 ## - Nome comum usado como assunto
Número de registo de entrada de autoridade 0001799
Palavra de ordem Literatura americana
Subdivisão de assunto Banda desenhada
Código do sistema CA
675 ## - Classificação Decimal Universal (CDU)
Notação 821.111(73)(084.11)
Edição 3ª ed.
Língua da edição por
702 #1 - Nome de autor-pessoa física (responsabilidade secundária)
Número de registo de entrada de autoridade 0000172
Palavra de ordem Bastos
Outra parte do nome não tomada para palavra de ordem Ana Falcão
Código de função Tradutor
700 #1 - Nome de autor-pessoa física (responsabilidade principal)
Número de registo de entrada de autoridade 0001800
Palavra de ordem Watterson
Outra parte do nome não tomada para palavra de ordem Bill
Datas 1958
966 ## - Identificação da Biblioteca
Sigla EBVEN
942 ## - Elementos de entrada adicionados (Koha)
Tipo de item no Koha Livro
Exemplares
Situação do levantamento Origin of item (home branch) (coded) Biblioteca de empréstimo Código de barras Cota Circulation type (not for loan) Tipo de documento Nota do exemplar Damaged status
  Biblioteca Escolar das Vendas Biblioteca Escolar das Vendas BEV557 8BD WAT PNL   Livro Sem mensagem